Datum a čas kvízu
28.5
Celkem bodů
Celkový počet nahraných bodů na tomto kvízu bez doplňovacích otázek.
4.
Pořadí na kvízu
Konečné umístění týmu na tomto kvízu.
Zaznamenané odpovědi
| # | Otázka | Odpověď | Body | Výsledky |
|---|---|---|---|---|
| 1. | Na česko-polské hranici došlo... | kaplička | 0 | |
| 2. | Ve středu oznámil jeden výrazn... | Peter Pellegrini, Směr-SD (Sociální demokracie) | 1 | |
| 3. | Známý slovenský herec a moderá... | Maroš Kramár | 1 | |
| 4. | Kromě finanční injekce ve výši... | ve stanovení minimální ceny letenky | 1 | |
| 5. | Jak se jmenuje muž, který se m... | Jan Koller | 0 | |
| 6. | Psi se na obrazovkách či stříb... | C | 1 | |
| 7. | Jan, Gustav, Grigorij, Tomek a... | Čtyři z tanku a pes | 1 | |
| 8. | Jak se jmenuje slavný pes, kte... | Rex | 1 | |
| 9. | Nyní se ptáme na jméno tohoto... | Brian | 1 | |
| 10. | Vzpomenete si na jméno filmu,... | Neuvěřitelná cesta (ang. Homeward Bound) | 0 |